| 000 | 01060cam a22002535a 4500 | ||
|---|---|---|---|
| 001 | L158204 | ||
| 008 | 110927s2013 xxk f 001 0 eng d | ||
| 020 | _a9781907196416 | ||
| 035 | _a(Sirsi) u158204 | ||
| 041 | 0 | _aeng | |
| 050 | 0 | 4 | _a692.5 $2 18 |
| 110 | 2 |
_aBuilding Cost Information Service _91096 |
|
| 245 | 0 | 0 |
_aBCIS comprehensive building price book _bmajor works, 2014 |
| 250 | _a31st ed. | ||
| 260 |
_aPoole _bBCIS _c2013 |
||
| 300 |
_a1 _fv. _c30cm. |
||
| 520 | _aGives unit rates compiled from over 500 000 price elements. Each unit rate and element has been updated and new materials and specifications have been incorporated where applicable and includes the latest amendments to professional information, average building prices, town and country planning regulations fees for applications, building regulations prescribed fees etc. and costs limits and allowances. | ||
| 520 | _aSupersedes 30th ed. | ||
| 521 | _aAdvanced | ||
| 590 | _aKA | ||
| 651 | 4 |
_aUnited Kingdom _y |
|
| 690 | _aBUILT ENVIRONMENT-BUILDING COSTS | ||
| 942 | _n0 | ||
| 999 |
_c115199 _d115199 |
||